000 01529nam a2200409 c 4500
001 45872
003 ES-MaCES
005 20180118122043.0
007 cr |||||||||||
008 150427s2015 lu | rt m000 | eng d
020 _a9789289713108
040 _aES-MaCES
_bspa
_cES-MaCES
245 1 0 _aERM annual report 2014
_hRecurso electrónico
_b: reestructuring in the public sector
_c[authors, Funda Celikel-Esser ... et al.]
260 _aLuxembourg
_bPublications Office of the European Union
_c2015
300 _a1 documento pdf
_bgráf. col.
_e(4,77 mb)
500 _aEn la port., además: Eurofound, European Foundation for the Improvement of Living and Working Conditions
500 _aLa ed. 2015, en soporte pdf
504 _aBibliografía: p. 109-114
541 _cGratuito
650 4 _aempleo
_928299
650 4 _asector público
_927150
650 4 _areforma administrativa
_927223
650 4 _afunción pública
_927225
650 4 _aadministración de personal
_928216
650 4 _a2014
_934918
650 4 _ainforme
_928986
653 1 0 _aEmpleo
650 4 _928300
_apolítica de empleo
650 4 _929020
_apaís de la UE
650 4 _926752
_aUE
700 _aCelikel-Esser, Funda
_935684
710 2 _93819
_aFundación Europea para la Mejora de las Condiciones de Vida y de Trabajo
787 0 _tERM report 2008
_w(ES-MaCES)21589
856 4 _uhttp://biblioteca.ces.es/repintra/B45872.pdf
_ytexto completo
_z[intranet]
902 _aELE PUB. ELECTRONICA
942 _2CES
_cBK
_h2.1.
999 _c45872
_d45872